000 01301cam a22003135a 4500
999 _c21888
_d21860
001 013499411
003 EG-ScBUE
005 20210105151020.0
008 060509s2011 enkb g 000 f eng d
020 _a9780006486121 (pbk.)
040 _aStDuBDS
_beng
_erda
_cStDuBDS
_dUk
_dEG-ScBUE
082 0 4 _a813.54
_bMAR
_222
100 1 _aMartin, George R. R.,
_eauthor.
245 1 2 _aA feast for crows /
_cGeorge R. R. Martin.
264 1 _aLondon :
_bHarper Voyager / Harper Collins,
_c2011.
300 _a849 pages :
_bmaps ;
_c18 cm.
336 _atext
_btxt
_2rdacontent
337 _aunmediated
_bn
_2rdamedia
338 _avolume
_bnc
_2rdacarrier
490 0 _aSong of ice and fire ;
_vbook 4
500 _aOriginally published: 2005.
520 _aWhile the remaining northern lords war endlessly with each other and the ironmen of the isles attack the Dreadfort, Sansa becomes a skilled player in the game of thrones with Littlefinger as her mentor, Arya a skilled assassin, and Bran a magician and shapeshifter of great power.
650 7 _aSeven Kingdoms (Imaginary place)
_vFiction.
_2BUEsh
_940176
650 7 _aImaginary wars and battles.
_2BUEsh
650 7 _aKings and rulers
_vFiction.
_2BUEsh
651 _2BUEsh
653 _bHHUUEENN
_bGGEN
_cJune2016
_cJanuary2021
942 _2ddc
_cBB